000 00614nam a2200241 i 4500
001 C2-0222166
003 PPAK
005 20180728151504.0
008 991214s1957 at |||| ||||| | eng d
040 _aPPAK
_beng
_cPPAK
_erda
082 0 4 _a823
_223
090 0 0 _a823
_bTOL
_dKSA
100 1 _aTolstoy, L.N.,
_eauthor
245 1 0 _aWar and peace
264 1 _aAustralia :
_bPenguin Books ,
_c1957
300 _a1443 pages ;
_c18 cm
336 _2rdacontent
_atext
337 _2rdamedia
_aunmediated
338 _2rdacarrier
_avolume
500 _aVolume 2
650 1 0 _aEnglish fiction
942 _ddc
_cB
999 _c143619
_d143619